General Culture- 5- Food and Drink - Statistics

General Stats
  • This quiz has been taken 319 times
  • The average score is 4 of 10
Answer Stats
Question Answer % Correct
Which vitamin is the only one that you will not find in an egg? Vitamin C
100%
What is Japanese sake made from? Rice
59%
Which nuts are used in marzipan? Almonds
58%
What is the most famous Mexican beer? Corona
54%
What is the chemical formula for Table Salt? NaCl
47%
Which country is the origin of the cocktail Mojito? Cuba
44%
What does IPA stand for? Indian Pale Ale
28%
What ingredient is included in food in a Florentine style? Spinach
16%
Which fish is the main ingredient of Scotch Woodcock? Anchovy
5%
Which meat is used in Glamorgan sausages? None, they are made from cheese
4%
No matching quizzes found
Score Distribution
Percent of People with Each Score
Percentile by Number Answered
Your Score History
You have not taken this quiz